000 00213 a2200097 4500
001 56027
100 _a
245 _aDa ghani khan latoon
260 _aPeshawar
_bUniv press
_c2005
090 _c34693
_d34693
942 _aNUST-CAE
_cMONOGRAPH
_c27439
999 _c291100
_d291100